UK a global leader in online trading (Record no. 64939)
[ view plain ]
| 000 -LEADER | |
|---|---|
| fixed length control field | 00905cam a2200181 4500 |
| 001 - CONTROL NUMBER | |
| control field | WB364020 |
| 008 - FIXED-LENGTH DATA ELEMENTS--GENERAL INFORMATION | |
| fixed length control field | 000000n2000 000 0 eng u |
| 035 ## - SYSTEM CONTROL NUMBER | |
| System control number | (Sirsi) u108772 |
| 245 ## - TITLE STATEMENT | |
| Title | UK a global leader in online trading |
| 260 ## - PUBLICATION, DISTRIBUTION, ETC. | |
| Date of publication, distribution, etc. | 2000 |
| 490 ## - SERIES STATEMENT | |
| Series statement | DTI News Release |
| Volume/sequential designation | (P/2000/672) 10 October 2000, (2) |
| 520 ## - SUMMARY, ETC. | |
| Summary, etc. | Figures published in "Business in the Information Age - International Benchmarking Study 2000" report show that 27% of UK business is trading online, making it one of the world's leaders in e-commerce. As part of the plan to get one million SMEs trading online, E-Minister Patricia Hewitt announced a £5.5m Internet Mentoring Initiative to help internet start-ups and established SMEs who want to make the internet the primary means of doing business. |
| 590 ## - LOCAL NOTE (RLIN) | |
| Local note | WB |
| 650 ## - SUBJECT ADDED ENTRY--TOPICAL TERM | |
| Topical term or geographic name entry element | E-COMMERCE |
| 650 ## - SUBJECT ADDED ENTRY--TOPICAL TERM | |
| Topical term or geographic name entry element | SMES |
| 690 ## - LOCAL SUBJECT ADDED ENTRY--TOPICAL TERM (OCLC, RLIN) | |
| Topical term or geographic name as entry element | INFORMATION TECHNOLOGY-INTERNET |
| 942 ## - ADDED ENTRY ELEMENTS (KOHA) | |
| Suppress in OPAC | 0 |
| Withdrawn status | Lost status | Source of classification or shelving scheme | Damaged status | Not for loan | Home library | Current library | Shelving location | Date acquired | Total Checkouts | Full call number | Barcode | Date last seen | Copy number | Price effective from | Koha item type |
|---|---|---|---|---|---|---|---|---|---|---|---|---|---|---|---|
| Dewey Decimal Classification | London | London | News article | 12/10/2000 | WB364020 | 108772-1001 | 06/08/2019 | 1 | 06/08/2019 | News article |